| Tag |
First Indicator |
Second Indicator |
Subfields |
| LEADER |
00000cam a2200000 4500 |
| 001 |
in00002782717 |
| 005 |
20201128064120.0 |
| 008 |
720307s1971 dcua b 001 0 eng |
| 010 |
|
|
|a 71612128
|
| 035 |
|
|
|a (OCoLC)ocm00266918
|
| 035 |
|
|
|a (OCoLC)266918
|
| 040 |
|
|
|a DLC
|c DLC
|d OCLCQ
|d BTCTA
|d OCLCG
|d UtOrBLW
|
| 043 |
|
|
|a n-usp--
|
| 049 |
|
|
|a TXAM
|
| 050 |
0 |
0 |
|a QE807.A5
|b C59
|
| 082 |
0 |
0 |
|a 564/.53/0978
|
| 086 |
0 |
|
|a I 19.16:699
|
| 100 |
1 |
|
|a Cobban, William A.,
|d 1916-2015.
|
| 245 |
1 |
0 |
|a New and little-known ammonites from the Upper Cretaceous (Cenomanian and Turonian) of the western interior of the United States /
|c by William A. Cobban.
|
| 264 |
|
1 |
|a Washington :
|b U.S. Govt. Print. Off,
|c 1971.
|
| 300 |
|
|
|a iii, 24 pages, 38 unnumbered pages :
|b illustrations ;
|c 30 cm.
|
| 336 |
|
|
|a text
|b txt
|2 rdacontent
|
| 337 |
|
|
|a unmediated
|b n
|2 rdamedia
|
| 338 |
|
|
|a volume
|b nc
|2 rdacarrier
|
| 490 |
1 |
|
|a Geological Survey professional paper 699
|
| 504 |
|
|
|a Bibliography: pages 20-22 (2d group).
|
| 650 |
|
0 |
|a Ammonoidea
|z West (U.S.)
|
| 650 |
|
0 |
|a Paleontology
|y Cretaceous.
|
| 650 |
|
0 |
|a Paleontology
|z West (U.S.)
|
| 830 |
|
0 |
|a Geological Survey professional paper ;
|v 699.
|
| 948 |
|
|
|a cataloged
|b h
|c 2012/11/27
|d c
|e mvaldespin
|f 09:55:08 am
|
| 994 |
|
|
|a C0
|b TXA
|
| 999 |
|
|
|a MARS
|
| 999 |
f |
f |
|s 38388578-e794-3e9b-a078-ca285b3dacd4
|i f8fad86d-0fbc-3ca1-bbdc-1c70c89a264b
|t 0
|
| 952 |
f |
f |
|p normal
|a Texas A&M University
|b College Station
|c Sterling C. Evans Library
|d Evans: US Documents (Annex 5th floor)
|t 0
|e I 19.16:699
|h Superintendent of Documents classification
|i unmediated -- volume
|m A14839369608
|
| 998 |
f |
f |
|a I 19.16:699
|t 0
|l Evans: US Documents (Annex 5th floor)
|